UML. Modelado de software para profesionales

Salvato in:
Dettagli Bibliografici
Autore principale: Fontela, Carlos (Autore)
Natura: Libro
Lingua:spagnolo
Pubblicazione: Buenos Aires, Argentina Alfaomega 2011
Soggetti:
Tags: Aggiungi Tag
Nessun Tag, puoi essere il primo ad aggiungerne!!

MARC

LEADER 00000cam a2200000 a 4500
001 UCE0533
003 CL-VaPUC
005 20220105074329.0
008 140124e20110000ag |||||||||||||||||spa|d
999 |c 354622  |d 354620 
020 |a 9789871609222 
040 |c Pontificia Universidad Católica de Valparaíso 
082 0 4 |a 005.117 FON 2011  |2 21 
100 0 |a Fontela, Carlos  |e author  |9 572869 
245 1 0 |a UML.  |b Modelado de software para profesionales 
260 |a Buenos Aires, Argentina   |b Alfaomega  |c 2011 
300 |a 165 páginas  
583 |a last modification  |c 20140124 15:34:00  |k Rodrigo Vera 
650 0 |a Lenguajes de programación   |9 259458 
650 0 |a Programación de computadores   |9 259531 
650 7 |a UML  |2 CL-VaPUC  |9 572870 
650 0 |a Software  |9 387312 
852 |a BIBCUR 
942 |c BK  |2 ddc 
945 |d 20140124 15:34:00  |a dcastane 
952 |0 0  |1 0  |3 erb  |4 0  |6 005_117000000000000_FON_2011  |7 0  |8 A  |9 460591  |a BIBING  |b BIBING  |i 5053498  |o 005.117 FON 2011  |p 5053498  |r 2025-01-20  |w 2019-11-23  |y BK  |z Catalogado en:20140124  |k EII 
952 |0 0  |1 0  |3 erb  |4 0  |6 005_117000000000000_FON_2011  |7 0  |8 A  |9 460592  |a BIBING  |b BIBING  |i 5248345  |o 005.117 FON 2011  |p 5248345  |r 2025-01-20  |w 2019-11-23  |y BK  |z Catalogado en:20151106  |k CCI 
952 |0 0  |1 0  |2 ddc  |3 erb  |4 0  |6 005_117000000000000_FON_2011  |7 0  |8 A  |9 460593  |a BIBING  |b BIBING  |i 5248353  |l 2  |o 005.117 FON 2011  |p 5248353  |r 2025-01-20  |s 2024-05-15  |w 2019-11-23  |y BK  |z Catalogado en:20151106  |k CCI 
952 |0 0  |1 0  |3 erb  |4 0  |6 005_117000000000000_FON_2011  |7 0  |8 A  |9 460594  |a BIBING  |b BIBING  |i 5248361  |o 005.117 FON 2011  |p 5248361  |r 2025-01-20  |w 2019-11-23  |y BK  |z Catalogado en:20151106  |k CCI 
952 |0 0  |1 0  |3 erb  |4 0  |6 005_117000000000000_FON_2011  |7 0  |8 A  |9 460595  |a BIBING  |b BIBING  |i 524837K  |o 005.117 FON 2011  |p 524837K  |r 2025-01-20  |w 2019-11-23  |y BK  |z Catalogado en:20151106  |k CCI 
952 |0 0  |1 0  |3 erb  |4 0  |6 005_117000000000000_FON_2011  |7 0  |8 A  |9 460597  |a BIBING  |b BIBING  |i 5248396  |o 005.117 FON 2011  |p 5248396  |r 2025-01-20  |w 2019-11-23  |y BK  |z Catalogado en:20151106  |k CCI 
952 |0 0  |1 0  |3 erb  |4 0  |6 005_117000000000000_FON_2011  |7 0  |8 A  |9 460598  |a BIBING  |b BIBING  |i 524840K  |o 005.117 FON 2011  |p 524840K  |r 2025-01-20  |w 2019-11-23  |y BK  |z Catalogado en:20151106  |k CCI 
952 |0 0  |1 0  |3 erb  |4 0  |6 005_117000000000000_FON_2011  |7 0  |8 A  |9 460599  |a BIBING  |b BIBING  |i 5248418  |o 005.117 FON 2011  |p 5248418  |r 2025-01-20  |w 2019-11-23  |y BK  |z Catalogado en:20151106  |k CCI 
952 |0 0  |1 0  |3 erb  |4 0  |6 005_117000000000000_FON_2011  |7 0  |8 A  |9 460600  |a BIBING  |b BIBING  |i 5248426  |o 005.117 FON 2011  |p 5248426  |r 2025-01-20  |w 2019-11-23  |y BK  |z Catalogado en:20151106  |k CCI 
952 |0 0  |1 0  |2 ddc  |3 erb  |4 0  |6 005_117000000000000_FON_2011  |7 0  |8 A  |9 460601  |a BIBING  |b BIBING  |i 5248434  |l 2  |o 005.117 FON 2011  |p 5248434  |r 2025-01-20  |s 2021-07-30  |w 2019-11-23  |y BK  |z Catalogado en:20151106  |k CCI 
952 |0 0  |1 0  |2 ddc  |4 0  |6 005_117000000000000_FON_2011  |7 0  |8 A  |9 577112  |a BIBING  |b BIBING  |d 2020-12-14  |e 82  |g 12352.00  |i 5579287  |o 005.117 FON 2011  |p 5579287  |r 2025-01-20  |t 12  |v 12352.00  |w 2020-12-14  |y BK  |k CCI 
952 |0 0  |1 0  |2 ddc  |4 0  |6 005_117000000000000_FON_2011  |7 0  |8 A  |9 577113  |a BIBING  |b BIBING  |d 2020-12-14  |e 82  |g 12352.00  |i 5579295  |l 1  |o 005.117 FON 2011  |p 5579295  |r 2025-01-20  |s 2021-07-30  |t 13  |v 12352.00  |w 2020-12-14  |y BK  |k CCI